Análisis del discurso del racismo /
En este artículo, el autor explica la centralidad del discurso para la reproducción ideológica del racismo, que define como un sistema social de dominación étnica racial y que resulta de la desigualdad social. El autor destaca que los estudios del discurso ofrecen numerosos instrumentos teóricos y m...
Guardado en:
| Hovedforfatter: | |
|---|---|
| Format: | Texto |
| Fag: | |
| Tags: |
Tilføj Tag
Ingen Tags, Vær først til at tagge denne postø!
|
MARC
| LEADER | 00000 a a2200000 04500 | ||
|---|---|---|---|
| 001 | 40773 | ||
| 003 | |||
| 040 | |||
| 100 | |a Dijk, Teun A. van | ||
| 245 | |a Análisis del discurso del racismo / |c Teun A. van Dijk | ||
| 520 | |a En este artículo, el autor explica la centralidad del discurso para la reproducción ideológica del racismo, que define como un sistema social de dominación étnica racial y que resulta de la desigualdad social. El autor destaca que los estudios del discurso ofrecen numerosos instrumentos teóricos y metodológicos para abordar el modo en que las estructuras discursivas están comprometidas en la formación de modelos mentales, actitudes e ideologías racistas. Advierte también que las prácticas discursivas del racismo no necesariamente son intencionales sino que hay una "rutina" que ha influenciado a partidos e instituciones "presentables" socialmente. Agrega que para comprender el papel del discurso con relación al racismo es preciso reconocer el contexto donde el texto y el habla están situados. | ||
| 590 | |a DISEMINAR052011/JUNIO2011 | ||
| 650 | |a DISCRIMINIACION RACIAL | ||
| 650 | |a DISCURSOS | ||
| 650 | |a IDEOLOGIAS | ||
| 650 | |a ANALISIS DE CONTENIDO | ||
| 650 | |a RELACIONES RACIALES | ||
| 650 | |a NOTICIAS DE PRENSA | ||
| 773 | |g volumen2, número3 (2010), páginas 65-94 | ||
| 999 | |c 39592 |d 39592 | ||
